Movies Quiz

Random Movies Quiz

Dragonheart Challenge Quiz Stats

 Plays Quiz not verified by Sporcle

Challenge
Share
Tweet
Embed
Score 0/25 Timer 03:00
0 Plays Today
Clue: Answer % Correct
????
100%
????
92.5%
????
90.5%
????
85.9%
????
82.9%
????
78.9%
????
77.4%
????
74.9%
????
64.8%
????
61.3%
????
58.8%
????
54.3%
????
43.2%
Clue: Answer % Correct
????
42.7%
????
40.2%
????
33.7%
????
32.7%
????
29.6%
????
27.1%
????
23.6%
????
21.6%
????
21.6%
????
20.1%
????
15.6%
????
10.1%

You're not logged in!

Compare scores with friends on all Sporcle quizzes.
OR
Log In

You Might Also Like...

Show Comments

Extras

Created Apr 4, 2011ReportNominate
Tags:challenge

Top Quizzes Today


Score Distribution

Your Account Isn't Verified!

In order to create a playlist on Sporcle, you need to verify the email address you used during registration. Go to your Sporcle Settings to finish the process.

Report this User

Report this user for behavior that violates our Community Guidelines.

Details: